| 000 | 00366nam a2200157Ia 4500 | ||
|---|---|---|---|
| 008 | 230917s9999||||xx |||||||||||||| ||und|| | ||
| 020 | _cGBP0.75 | ||
| 040 |
_e49178 _aMAIN |
||
| 041 | _aEnglish | ||
| 082 | _a823.8 B439H | ||
| 100 | _aBennett, Arnold | ||
| 245 | 0 | _aHilda lessways | |
| 260 |
_aMiddlesex _bPenguin Books _c1975 |
||
| 300 | _a327 p. | ||
| 942 | _cBK | ||
| 999 |
_c191278 _d191278 |
||